Economic impact of the historic environment in Scotland (Record no. 109554)
[ view plain ]
| 000 -LEADER | |
|---|---|
| fixed length control field | 01664cad a22002295a 4500 |
| 001 - CONTROL NUMBER | |
| control field | E147439 |
| 008 - FIXED-LENGTH DATA ELEMENTS--GENERAL INFORMATION | |
| fixed length control field | 090512s2008 xxk f 000 0 eng d |
| 035 ## - SYSTEM CONTROL NUMBER | |
| System control number | (Sirsi) u147439 |
| 041 0# - LANGUAGE CODE | |
| Language code of text/sound track or separate title | eng |
| 050 04 - LIBRARY OF CONGRESS CALL NUMBER | |
| Classification number | 690.241 $2 18 |
| 110 2# - MAIN ENTRY--CORPORATE NAME | |
| Corporate name or jurisdiction name as entry element | ECOTEC Research and Consulting Ltd |
| 9 (RLIN) | 5619 |
| 245 00 - TITLE STATEMENT | |
| Title | Economic impact of the historic environment in Scotland |
| Remainder of title | a final report by ECOTEC for the Historic Environment Advisory Council for Scotland |
| Medium | [electronic resource] |
| 260 ## - PUBLICATION, DISTRIBUTION, ETC. | |
| Place of publication, distribution, etc. | Birmingham |
| Name of publisher, distributor, etc. | ECOTEC |
| Date of publication, distribution, etc. | 2008 |
| 505 2# - FORMATTED CONTENTS NOTE | |
| Formatted contents note | Executive summary -- Introduction -- Scotland's historic environment: definition and scope -- Importance of the historic environment -- Survey of Scotland's historic environment sector -- Economic impact of Scotland's historic environment -- Strategic findings and conclusions -- Annexes |
| 520 ## - SUMMARY, ETC. | |
| Summary, etc. | Reports on the results of a study carried out on behalf of the Historic Environment Advisory Council for Scotland to examine the contribution which Scotland's historic environment makes to the country's economy. Finds that the historic environment makes a significant contribution, directly employing around 41 000 FTE employees and indirectly supporting around 20 000 more. Estimates that the historic environment sector contributes over £2.3bn to Scotland's national gross value added (GVA), which represents around £4.5bn in terms of output. |
| 521 ## - TARGET AUDIENCE NOTE | |
| Target audience note | Advanced |
| 590 ## - LOCAL NOTE (RLIN) | |
| Local note | KA |
| 651 #4 - SUBJECT ADDED ENTRY--GEOGRAPHIC NAME | |
| Geographic name | Scotland |
| Chronological subdivision | 1999- |
| 690 ## - LOCAL SUBJECT ADDED ENTRY--TOPICAL TERM (OCLC, RLIN) | |
| Topical term or geographic name as entry element | BUILT ENVIRONMENT-BUILDING TYPES-ANCIENT MONUMENTS AND HISTORIC BUILDINGS |
| 856 40 - ELECTRONIC LOCATION AND ACCESS | |
| Uniform Resource Identifier | <a href="https://www.heacs.org.uk/documents/2009/ecotec.pdf">https://www.heacs.org.uk/documents/2009/ecotec.pdf</a> |
| Public note | View the report free of charge at www.heacs.org.uk... |
| 942 ## - ADDED ENTRY ELEMENTS (KOHA) | |
| Suppress in OPAC | 0 |
| Withdrawn status | Lost status | Source of classification or shelving scheme | Damaged status | Not for loan | Home library | Current library | Shelving location | Date acquired | Total Checkouts | Full call number | Barcode | Date last seen | Copy number | Price effective from | Koha item type |
|---|---|---|---|---|---|---|---|---|---|---|---|---|---|---|---|
| Dewey Decimal Classification | Virtual | Virtual | Online | 12/05/2009 | ONLINE PUBLICATION | 147439-2001 | 06/08/2019 | 1 | 06/08/2019 | Book |